01224nam a2200205 a 450000100100000000500170001000800410002704000250006808200110009311000950010424500330019926000380023230000170027050503420028759000270062995201230065695201080077995201140088799900170100100004672320201002053056.0180320s2012 dr 000 0 spa d aDO-SdBNPbspacBNPHU axxbxx2 aRepública DominicanabMinisterio de Hacienda. Dirección Nacional de Presupuesto97466010aPresupuesto ejecutado, 2012. aSanto Domingo :bDIGEPRES,c2012. av. ;c28 cm.0 av. 1.tGobierno CentraltInformación sobre los ingresos --tInformación sobre los gastos --tInformación sobre el financiamiento --tEjecución del gasto consolidado por institución--tPoder Legislativo --tPoder Ejecutivo --tPoder JudicialtOrganismos especiales --tCategorías Institucionales --tOtros detalle de gastos -- aInventariado, 2018 /VM 001052708PDaGRbGRcHDd2018-03-20iLF1l0ov. 1, e. 3p46723-30r2020-06-25w2020-06-25yLFPDZPréstamo interno 0010718PDaPDbPDcHDd2018-03-20iLF1l0ov. 1p46723-10r2020-06-25w2020-06-25yLFPDZNo se presta 0010718PDaPDbPDcHDd2018-03-20iLF1l0ov. 1, e. 2p46723-20r2020-06-25w2020-06-25yLFPDZNo se presta c46212d46212